Acuerdo estratégico transpacífico de Asociación Económica (TPP) y su impacto en México /
Gorde:
| Egile nagusia: | |
|---|---|
| Formatua: | Texto |
| Etiketak: |
Etiketa erantsi
Etiketarik gabe, Izan zaitez lehena erregistro honi etiketa jartzen!
|
MARC
| LEADER | 00000 a a2200000 04500 | ||
|---|---|---|---|
| 001 | 47102 | ||
| 003 | |||
| 040 | |||
| 100 | |a Retana Yarto, Jorge | ||
| 245 | |a Acuerdo estratégico transpacífico de Asociación Económica (TPP) y su impacto en México / |c Jorge Retana Yarto | ||
| 773 | |g número380, (2013), páginas 54-66 | ||
| 999 | |c 26119 |d 26119 | ||
